Comisión del codex alimentarius : manual de procedimiento /
Guardado en:
| Autores Corporativos: | , |
|---|---|
| Formato: | Libro |
| Idioma: | Spanish |
| Publicado: |
Roma :
FAO,
1997.
|
| Edición: | 10 ed. |
| Acceso en línea: | Texto Completo |
| Etiquetas: |
Agregar Etiqueta
Sin Etiquetas, Sea el primero en etiquetar este registro!
|
| LEADER | 00887nam a22002295a 4500 | ||
|---|---|---|---|
| 001 | EEA.libagro009885 | ||
| 005 | 20161011110607.0 | ||
| 008 | 130809s1997####it############000#0#spa#d | ||
| 020 | |a 9253040149 | ||
| 022 | |a 1020-8097 | ||
| 082 | 0 | 4 | |a 641.3 |
| 082 | 0 | 4 | |a 614.3 |
| 245 | 1 | 0 | |a Comisión del codex alimentarius : |b manual de procedimiento / |c Comisión Mixta FAO/OMS del Codex Alimentarius. |
| 250 | |a 10 ed. | ||
| 260 | |a Roma : |b FAO, |c 1997. | ||
| 300 | |a vii, 209 p. ; |c 21 cm. | ||
| 500 | |a Programa Conjunto FAO/OMS sobre Normas Alimentarias. | ||
| 530 | |a Disponible también en línea. | ||
| 710 | 2 | |a Organización Mundial de la Salud. | |
| 710 | 2 | |a Organización de las Naciones Unidas para la Agricultura y la Alimentación. | |
| 856 | |u ftp://ftp.fao.org/codex/Publications/ProcManuals/Manual%5F10s.pdf |y Texto Completo | ||
| 859 | |a AR-BbBCA |b BIB. AGRONOMIA |h 641.3 |i F218-1a10 |p 1998/3212 | ||
